000 00742cam a22002292 4500
001 0000025240
005 20151217154516.0
008 150328s xx 000 0 eng d
020 _a9350280361 :
040 _aKABU
_cKABU
100 1 _aPillai, K.N. Chandrasekharan.
_@0000185589
245 1 0 _ageneral principles of criminal law /
_cK.N. chandrasekharan Pillai.
250 _a2nd ed.
260 _aLucknow :
_bEastern Book Company,
_c2011.
300 _axxxix, 709 p.
650 0 _aCriminal law
_zIndia.
_@0000178097
908 _a150328
950 _@1
999 _c11634
_d11634